Top 50 Best Romantic Comedies of All Time - Statistics

General Stats
  • This quiz has been taken 88 times
  • The average score is 10 of 50
Answer Stats
Top Movie Year % Correct
2 10 Things I Hate About You 1999
67%
1 When Harry Met Sally… 1989
67%
4 Pretty Woman 1990
62%
27 How to Lose a Guy in 10 Days 2003
53%
3 Notting Hill 1999
53%
5 Love Actually 2003
51%
16 Sleepless in Seattle 1993
47%
13 You’ve Got Mail 1998
46%
21 The Proposal 2009
37%
25 50 First Dates 2004
34%
26 The Holiday 2006
32%
24 My Best Friend’s Wedding 1997
30%
31 Crazy, Stupid, Love. 2011
28%
28 13 Going on 30 2004
24%
18 Runaway Bride 1999
24%
32 Friends with Benefits 2011
21%
19 Hitch 2005
21%
29 The Wedding Planner 2001
21%
34 Valentine’s Day 2010
21%
15 Four Weddings and a Funeral 1994
20%
37 Just Go with It 2011
20%
7 Breakfast at Tiffany’s 1961
18%
43 Crazy Rich Asians 2018
18%
22 Knocked Up 2007
17%
30 Maid in Manhattan 2002
17%
39 To All the Boys I’ve Loved Before 2018
17%
40 Set It Up 2018
16%
20 My Big Fat Greek Wedding 2002
14%
23 Sweet Home Alabama 2002
14%
17 While You Were Sleeping 1995
14%
33 No Strings Attached 2011
13%
12 Roman Holiday 1953
13%
35 The Ugly Truth 2009
12%
9 Annie Hall 1977
9%
10 Some Like It Hot 1959
9%
36 Confessions of a Shopaholic 2009
8%
41 Always Be My Maybe 2019
7%
8 Amélie 2001
7%
14 As Good as It Gets 1997
7%
38 The Switch 2010
7%
49 Definitely, Maybe 2008
5%
44 Isn’t It Romantic 2019
5%
11 Singin’ in the Rain 1952
5%
46 Holidate 2020
4%
42 Love, Rosie 2014
4%
48 Marry Me 2022
3%
6 Shakespeare in Love 1998
3%
47 The Lost City 2022
3%
50 Kate & Leopold 2001
1%
45 Friendsgiving 2020
0%
No matching quizzes found
Score Distribution
Percent of People with Each Score
Percentile by Number Answered
Your Score History
You have not taken this quiz